000 00891cam a22002894a 4500
001 12521152
003 OSt
005 20180426140621.0
008 010831s2002 enka b 001 0 eng
010 _a 2001049604
020 _a1852332247
035 _a(DNLM)101127055
040 _aDNLM/DLC
_cDLC
_dDLC
042 _apcc
050 0 0 _aRC946
_b.T47 2002
060 1 0 _aWJ 146
_bT398 2002
082 0 0 _aWJ 146 T398 2002
_221
100 _aEditors Laycock, Jo; Haslam, Jeanette
_911158
245 0 0 _aTherapeutic Management of Incontinence and Pelvic Pain: pelvic organ disorders
260 _aLondon ;
_bSpringer,
_cc2002.
300 _axxi, 265 p. :
_bill. ;
_c27 cm.
504 _aIncludes bibliographical references and index.
650 0 _aTherapeutics
_93129
650 0 _aPelvic pain management
_93130
906 _a7
_bcbc
_corignew
_d1
_eocip
_f20
_gy-gencatlg
942 _2z
_cSLOAN
999 _c1145
_d1145